<?xml version="1.0" encoding="UTF-8"?>
<record
    xmlns:xsi="http://www.w3.org/2001/XMLSchema-instance"
    xsi:schemaLocation="http://www.loc.gov/MARC21/slim http://www.loc.gov/standards/marcxml/schema/MARC21slim.xsd"
    xmlns="http://www.loc.gov/MARC21/slim">

  <leader>02484nam0a22003251  4500</leader>
  <controlfield tag="001">v19\rc\2108077</controlfield>
  <controlfield tag="005">20260407103815.0</controlfield>
  <datafield tag="035" ind1=" " ind2=" ">
    <subfield code="a">(NLR Aleph) 005180291</subfield>
  </datafield>
  <datafield tag="090" ind1=" " ind2=" ">
    <subfield code="a">5128937</subfield>
    <subfield code="c">5128937</subfield>
  </datafield>
  <datafield tag="100" ind1=" " ind2=" ">
    <subfield code="a">20090914d1801    u  y0rusy50      ca</subfield>
  </datafield>
  <datafield tag="101" ind1="0" ind2=" ">
    <subfield code="a">rus</subfield>
  </datafield>
  <datafield tag="102" ind1=" " ind2=" ">
    <subfield code="a">RU</subfield>
  </datafield>
  <datafield tag="140" ind1=" " ind2=" ">
    <subfield code="a">y   y            mayaa0000  </subfield>
  </datafield>
  <datafield tag="200" ind1="1" ind2=" ">
    <subfield code="a">&#x421;&#x43B;&#x43E;&#x432;&#x43E; &#x43E; &#x43F;&#x435;&#x440;&#x432;&#x43E;&#x43D;&#x430;&#x447;&#x430;&#x43B;&#x44C;&#x43D;&#x43E;&#x43C; &#x43F;&#x440;&#x43E;&#x438;&#x441;&#x445;&#x43E;&#x436;&#x434;&#x435;&#x43D;&#x438;&#x438;, &#x43F;&#x43E;&#x441;&#x442;&#x435;&#x43F;&#x435;&#x43D;&#x43D;&#x43E;&#x43C; &#x43F;&#x440;&#x438;&#x432;&#x435;&#x434;&#x435;&#x43D;&#x438;&#x438; &#x432; &#x441;&#x43E;&#x432;&#x435;&#x440;&#x448;&#x435;&#x43D;&#x441;&#x442;&#x432;&#x43E; &#x438; &#x43E;&#x442;&#x43C;&#x435;&#x43D;&#x43D;&#x43E;&#x439; &#x43F;&#x43E;&#x43B;&#x44C;&#x437;&#x435; &#x43F;&#x43E;&#x432;&#x438;&#x432;&#x430;&#x43B;&#x44C;&#x43D;&#x430;&#x433;&#x43E; &#x438;&#x441;&#x43A;&#x443;&#x441;&#x441;&#x442;&#x432;&#x430;.</subfield>
    <subfield code="e">&#x41F;&#x43E; &#x441;&#x43B;&#x443;&#x447;&#x430;&#x44E; &#x442;&#x43E;&#x440;&#x436;&#x435;&#x441;&#x442;&#x432;&#x435;&#x43D;&#x43D;&#x430;&#x433;&#x43E; &#x43E;&#x442;&#x43A;&#x440;&#x44B;&#x442;&#x438;&#x44F; &#x43F;&#x440;&#x438; &#x418;&#x43C;&#x43F;&#x435;&#x440;&#x430;&#x442;&#x43E;&#x440;&#x441;&#x43A;&#x43E;&#x43C; &#x41C;&#x43E;&#x441;&#x43A;&#x43E;&#x432;&#x441;&#x43A;&#x43E;&#x43C; &#x432;&#x43E;&#x441;&#x43F;&#x438;&#x442;&#x430;&#x442;&#x435;&#x43B;&#x44C;&#x43D;&#x43E;&#x43C; &#x434;&#x43E;&#x43C;&#x435; &#x43D;&#x43E;&#x432;&#x43E;&#x443;&#x447;&#x440;&#x435;&#x436;&#x434;&#x435;&#x43D;&#x43D;&#x430;&#x433;&#x43E; &#x41F;&#x43E;&#x432;&#x438;&#x432;&#x430;&#x43B;&#x44C;&#x43D;&#x430;&#x433;&#x43E; &#x438;&#x43D;&#x441;&#x442;&#x438;&#x442;&#x443;&#x442;&#x430;,</subfield>
    <subfield code="f">&#x433;&#x43E;&#x432;&#x43E;&#x440;&#x435;&#x43D;&#x43D;&#x43E;&#x435; &#x434;&#x438;&#x440;&#x435;&#x43A;&#x442;&#x43E;&#x440;&#x43E;&#x43C; &#x441;&#x435;&#x433;&#x43E; &#x418;&#x43D;&#x441;&#x442;&#x438;&#x442;&#x443;&#x442;&#x430;, &#x43E;&#x43F;&#x440;&#x435;&#x434;&#x435;&#x43B;&#x435;&#x43D;&#x43D;&#x44B;&#x43C; &#x43F;&#x440;&#x438; &#x43F;&#x43E;&#x432;&#x438;&#x432;&#x430;&#x43B;&#x44C;&#x43D;&#x43E;&#x43C; &#x438;&#x441;&#x43A;&#x443;&#x441;&#x441;&#x442;&#x432;&#x435; &#x434;&#x43E;&#x43A;&#x442;&#x43E;&#x440;&#x43E;&#x43C; &#x448;&#x435;&#x441;&#x442;&#x430;&#x433;&#x43E; &#x43A;&#x43B;&#x430;&#x441;&#x441;&#x430;, &#x438; &#x418;&#x43C;&#x43F;&#x435;&#x440;&#x430;&#x442;&#x43E;&#x440;&#x441;&#x43A;&#x430;&#x433;&#x43E; &#x41C;&#x43E;&#x441;&#x43A;&#x43E;&#x432;&#x441;&#x43A;&#x430;&#x433;&#x43E; &#x443;&#x43D;&#x438;&#x432;&#x435;&#x440;&#x441;&#x438;&#x442;&#x435;&#x442;&#x430; &#x43F;. &#x43E;. &#x43F;&#x440;&#x43E;&#x444;&#x435;&#x441;&#x441;&#x43E;&#x440;&#x43E;&#x43C; &#x412;&#x438;&#x43B;&#x44C;&#x433;&#x435;&#x43B;&#x44C;&#x43C;&#x43E;&#x43C; &#x420;&#x438;&#x445;&#x442;&#x435;&#x440;&#x43E;&#x43C;. &#x42F;&#x43D;&#x432;&#x430;&#x440;&#x44F; 1 &#x434;&#x43D;&#x44F;, 1801 &#x433;&#x43E;&#x434;&#x430;</subfield>
  </datafield>
  <datafield tag="210" ind1=" " ind2=" ">
    <subfield code="a">&#x41C;&#x43E;&#x441;&#x43A;&#x432;&#x430;</subfield>
    <subfield code="c">&#x432; &#x423;&#x43D;&#x438;&#x432;&#x435;&#x440;&#x441;&#x438;&#x442;&#x435;&#x442;&#x441;&#x43A;&#x43E;&#x439; &#x442;&#x438;&#x43F;&#x43E;&#x433;&#x440;&#x430;&#x444;&#x438;&#x438; &#x443; &#x425;&#x440;. &#x41A;&#x43B;&#x430;&#x443;&#x434;&#x438;&#x44F;</subfield>
    <subfield code="d">[1801]</subfield>
  </datafield>
  <datafield tag="215" ind1=" " ind2=" ">
    <subfield code="a">[6], 3-20 &#x441;.</subfield>
    <subfield code="d">4&#xB0; (24 &#x441;&#x43C;)</subfield>
  </datafield>
  <datafield tag="300" ind1=" " ind2=" ">
    <subfield code="a">&#x41D;&#x430; &#x441;.[3-6] &#x43F;&#x43E;&#x441;&#x432;&#x44F;&#x449;. &#x430;&#x432;&#x442;. &#x438;&#x43C;&#x43F;. &#x41C;&#x430;&#x440;&#x438;&#x438; &#x424;&#x435;&#x434;&#x43E;&#x440;&#x43E;&#x432;&#x43D;&#x435;</subfield>
  </datafield>
  <datafield tag="316" ind1=" " ind2=" ">
    <subfield code="a">&#x42D;&#x43A;&#x437;. &#x420;&#x41D;&#x411; (18.125.2.170) &#x432; &#x436;&#x435;&#x43B;&#x442;&#x43E;&#x439; &#x431;&#x443;&#x43C;&#x430;&#x436;. &#x43E;&#x431;&#x43B;. &#x41D;&#x430; 1-&#x439; &#x441;. &#x43E;&#x431;&#x43B;. &#x44F;&#x440;&#x43B;&#x44B;&#x43A; &#x441; &#x448;&#x438;&#x444;&#x440;&#x43E;&#x43C; &#x420;&#x41D;&#x411;. &#x41D;&#x430; 2-&#x439; &#x441;. &#x43E;&#x431;&#x43B;. &#x43D;&#x435;&#x437;&#x430;&#x43F;&#x43E;&#x43B;&#x43D;&#x435;&#x43D;&#x43D;&#x44B;&#x439; &#x44F;&#x440;&#x43B;&#x44B;&#x43A;. &#x41D;&#x430; &#x442;&#x438;&#x442;. &#x43B;., &#x441;.15 &#x438; 20 &#x43A;&#x440;&#x443;&#x433;&#x43B;&#x44B;&#x439; &#x448;&#x442;&#x430;&#x43C;&#x43F; &#x413;&#x41F;&#x411;. &#x42D;&#x43A;&#x437;. &#x434;&#x435;&#x444;.: &#x43E;&#x442;&#x441;&#x443;&#x442;&#x441;&#x442;&#x432;&#x443;&#x44E;&#x442; &#x441;.[3-6] (&#x43F;&#x43E;&#x441;&#x432;&#x44F;&#x449;.). &#x41F;&#x430;&#x433;. &#x44D;&#x43A;&#x437;. : 20 &#x441;.</subfield>
    <subfield code="5">NLR: 18.125.2.170</subfield>
  </datafield>
  <datafield tag="321" ind1="1" ind2=" ">
    <subfield code="a">&#x421;&#x41A; 1801-1825 7535</subfield>
  </datafield>
  <datafield tag="620" ind1=" " ind2=" ">
    <subfield code="a">&#x41C;&#x43E;&#x441;&#x43A;&#x432;&#x430;</subfield>
  </datafield>
  <datafield tag="700" ind1=" " ind2="1">
    <subfield code="a">&#x420;&#x438;&#x445;&#x442;&#x435;&#x440;</subfield>
    <subfield code="b">&#x412;.&#x41C;.</subfield>
    <subfield code="f">1767-1822</subfield>
    <subfield code="g">&#x412;&#x438;&#x43B;&#x44C;&#x433;&#x435;&#x43B;&#x44C;&#x43C; &#x41C;&#x438;&#x445;&#x430;&#x438;&#x43B;</subfield>
  </datafield>
  <datafield tag="702" ind1=" " ind2="0">
    <subfield code="4">280</subfield>
    <subfield code="8">rus</subfield>
    <subfield code="7">ca</subfield>
    <subfield code="a">&#x41C;&#x430;&#x440;&#x438;&#x44F; &#x424;&#x435;&#x434;&#x43E;&#x440;&#x43E;&#x432;&#x43D;&#x430;</subfield>
    <subfield code="c">&#x438;&#x43C;&#x43F;&#x435;&#x440;&#x430;&#x442;&#x440;&#x438;&#x446;&#x430; &#x440;&#x43E;&#x441;&#x441;&#x438;&#x439;&#x441;&#x43A;&#x430;&#x44F;</subfield>
    <subfield code="f">1759-1828</subfield>
    <subfield code="3">RU\NLR\AUTH\7712606</subfield>
    <subfield code="9">122317</subfield>
  </datafield>
  <datafield tag="702" ind1=" " ind2="1">
    <subfield code="4">610</subfield>
    <subfield code="7">ca</subfield>
    <subfield code="8">rus</subfield>
    <subfield code="a">&#x41A;&#x43B;&#x430;&#x443;&#x434;&#x438;&#x439;</subfield>
    <subfield code="b">&#x425;.&#x410;.</subfield>
    <subfield code="f">-1805</subfield>
    <subfield code="g">&#x425;&#x440;&#x438;&#x441;&#x442;&#x43E;&#x444;&#x43E;&#x440; &#x410;&#x43B;&#x435;&#x43A;&#x441;&#x430;&#x43D;&#x434;&#x440;&#x43E;&#x432;&#x438;&#x447;</subfield>
    <subfield code="9">232381</subfield>
    <subfield code="3">RU\NLR\AUTH\770232437</subfield>
  </datafield>
  <datafield tag="712" ind1="0" ind2="2">
    <subfield code="4">610</subfield>
    <subfield code="a">&#x41C;&#x43E;&#x441;&#x43A;&#x43E;&#x432;&#x441;&#x43A;&#x438;&#x439; &#x443;&#x43D;&#x438;&#x432;&#x435;&#x440;&#x441;&#x438;&#x442;&#x435;&#x442;</subfield>
    <subfield code="b">&#x422;&#x438;&#x43F;&#x43E;&#x433;&#x440;&#x430;&#x444;&#x438;&#x44F;</subfield>
    <subfield code="3">RU\NLR\AUTH\889932963</subfield>
    <subfield code="9">361140</subfield>
  </datafield>
  <datafield tag="801" ind1=" " ind2="0">
    <subfield code="a">RU</subfield>
    <subfield code="b">NLR</subfield>
    <subfield code="g">psbo</subfield>
  </datafield>
  <datafield tag="801" ind1=" " ind2="1">
    <subfield code="a">RU</subfield>
    <subfield code="b">ProSoft-M</subfield>
    <subfield code="2">rusmarc</subfield>
  </datafield>
  <datafield tag="852" ind1=" " ind2=" ">
    <subfield code="a">NLR</subfield>
    <subfield code="j">18.125.2.170</subfield>
  </datafield>
  <datafield tag="942" ind1=" " ind2=" ">
    <subfield code="c">BOOK</subfield>
  </datafield>
  <datafield tag="980" ind1=" " ind2=" ">
    <subfield code="a">NB</subfield>
  </datafield>
  <datafield tag="995" ind1=" " ind2=" ">
    <subfield code="5">2013-10-26</subfield>
    <subfield code="b">NLR02</subfield>
    <subfield code="c">NLR02</subfield>
    <subfield code="e">RFS</subfield>
    <subfield code="f">5180291-10</subfield>
    <subfield code="k">18.125.2.170</subfield>
    <subfield code="o">0</subfield>
    <subfield code="r">BOOK</subfield>
    <subfield code="s">181252170_</subfield>
  </datafield>
</record>
